000 00477nam a22001937a 4500
003 SISC
005 20160302133519.0
008 130824t xxu||||| |||| 00| 0 eng d
020 _a1859580963
020 _a9787259580967
050 _aPZ 1
_b.En58 1995
082 _aHS 823
_bE3S86 1995
245 _aEnglish short stories /
260 _aLondon :
_bSenate,
_c1995.
300 _a364 p. ;
_c22 cm.
651 _aEnglish
_xFiction
_913258
942 _2lcc
_cBK
999 _c9337
_d9337